Gaming Quiz

Random Gaming or Video Games Quiz

Separated Games Quiz Stats

 Plays Quiz Updated Jan 11, 2015

Support Sporcle.
Go Orange.
Score 0/42 Timer 05:00
1 Play Today
% Correct
Angry
98%
Pac
96.5%
Ping
96.3%
Guess
95.8%
Donkey
95.6%
Simon
95.3%
Trivial
94.8%
Marco
94.7%
Mortal
94.6%
Connect
94.3%
Family
93.8%
Chinese
93.4%
Mario
93%
Musical
93%
Mouse
92.4%
Space
92.3%
I
91.5%
Hot
91.3%
Go
89%
Blindman's
88.9%
Cat’s
88.2%
% Correct
Candy
87.8%
Gin
86.8%
Crazy
86.2%
Double
86.2%
Street
86%
Old
84.9%
Red
84.9%
Scotland
83.1%
Remote
81.6%
Cash
80.3%
Freeze
79.4%
Gnip
78.8%
Hollywood
77.6%
Fruit
76.6%
$10,000
76.1%
Counter
75.3%
Love
73.3%
Missile
72.6%
Joker’s
71.8%
Fan
58.1%
Mumblety
46.6%

You're not logged in!

Compare scores with friends on all Sporcle quizzes.
OR
Log In

From the Vault

Words to Use Instead of 'Very'

by gazzso

This quiz is very fun - or should we say it's a blast?
Remove Ads.
Support Sporcle.
Get the best of Sporcle when you Go Orange. This ad-free experience offers more features, more stats, and more fun while also helping to support Sporcle. Thank you for becoming a member.

Show Comments

Extras

Top Quizzes Today


Score Distribution

Your Account Isn't Verified!

In order to create a playlist on Sporcle, you need to verify the email address you used during registration. Go to your Sporcle Settings to finish the process.

Report this User

Report this user for behavior that violates our Community Guidelines.

Details: